• 首页
  • 本馆介绍
  • 公告通知
  • 最新文献
  • 馆藏检索
  • 电子资源
  • 读者导购
  • 参考咨询
  • 我的图书馆
  • 登录
  • 详细信息显示
  • 放入我的书架
  • 预约/预借图书
  • 作者相关作品
  • 分类相关作品
  • 丛书相关作品
  • 出版社相关作品

书目信息

  • 表格格式
  • 工作单格式
  • 卡片格式
题名:
观察点亮游戏
    
 
作者: ;北京荣和教育儿童研究发展中心 主编
分册:  
出版信息: 上海   复旦大学出版社  2020.05
页数: 203页
开本: 27cm
丛书名:
单 册:
中图分类: G613.7
科图分类:
主题词: 游戏课--教学研究--学前教育
电子资源:
ISBN: 978-7-309-14948-7
000 01230nam0 2200229 450
001 0103152651
005 20201103152731.0
010    @a978-7-309-14948-7@dCNY55.00
100    @a20200713d2020 em y0chiy50 ea
101 0  @achi
102    @aCN@b310000
105    @aak z 000yy
106    @ar
200 1  @a观察点亮游戏@Aguan cha dian liang you xi@f北京荣和教育儿童研究发展中心主编
210    @a上海@c复旦大学出版社@d2020.05
215    @a203页@c照片@d27cm
330    @a本书将区域游戏与观察分析进行了结合,聚焦装扮区、建构区、表演区、体能区四大区域,从区域游戏的概念、核心价值和联动价值,到实践操作中的观察方法都进行了详细阐述,并总结出“聚光镜区域游戏观察分析六部曲”,以使教师更好地根据《3-6岁儿童学习与发展指南》以及幼儿发展规律,针对幼儿的游戏行为进行有目的的观察分析,学会反思自身的教育行为,并进行客观、科学的记录。最终达到全面了解、掌握并能提升幼儿的游戏水平,促进其发展的目的。本书语言表述通俗易懂,所提供的真实且具有研究和参考价值的游戏案例,可供教师在实际工作中学习、参考。
606 0  @a游戏课@x教学研究@x学前教育
690    @aG613.7@v5
711 02 @a北京荣和教育儿童研究发展中心@Abei jing rong he jiao yu er tong yan jiu fa zhan zhong xin@4主编
801  0 @aCN@bBJSZM@c20201103
905    @b1256491-5@dG613.7@e1058@f5
    
    观察点亮游戏/北京荣和教育儿童研究发展中心主编.-上海:复旦大学出版社,2020.05
    203页:照片;27cm
    
    
    ISBN 978-7-309-14948-7:CNY55.00
    本书将区域游戏与观察分析进行了结合,聚焦装扮区、建构区、表演区、体能区四大区域,从区域游戏的概念、核心价值和联动价值,到实践操作中的观察方法都进行了详细阐述,并总结出“聚光镜区域游戏观察分析六部曲”,以使教师更好地根据《3-6岁儿童学习与发展指南》以及幼儿发展规律,针对幼儿的游戏行为进行有目的的观察分析,学会反思自身的教育行为,并进行客观、科学的记录。最终达到全面了解、掌握并能提升幼儿的游戏水平,促进其发展的目的。本书语言表述通俗易懂,所提供的真实且具有研究和参考价值的游戏案例,可供教师在实际工作中学习、参考。
●
相关链接 在E读中查询图书 在五车中查询图书 在当当中查询图书 在豆瓣中查询图书


正题名:观察点亮游戏     索取号:G613.7/1058         预约/预借

序号 登录号 条形码 馆藏地/架位号 状态 备注
1 1256491   212564919   第一样本阅览室/ [索取号:G613.7/1058] 在馆    
2 1256492   212564928   教育系资料室/ [索取号:G613.7/1058] 在馆    
3 1256493   212564937   教育系资料室/ [索取号:G613.7/1058] 在馆    
4 1256494   212564946   第四借阅区/ [索取号:G613.7/1058] 在馆    
5 1256495   212564955   第四借阅区/ [索取号:G613.7/1058] 在馆    
唐山师范学院图书馆 欢迎您!
大连网信软件有限公司© 版权所有